书目信息 |
| 题名: |
出版业务知识
|
|
| 作者: | 赵晓恩 主编 | |
| 分册: | ||
| 出版信息: | 北京 文化艺术出版社 1984 |
|
| 页数: | 379页 | |
| 开本: | 21cm | |
| 丛书名: | ||
| 单 册: | ||
| 中图分类: | G230 | |
| 科图分类: | ||
| 主题词: | 出版工作--理论 | |
| 电子资源: | ||
| ISBN: | ||
| 000 | 00609nam0 2200229 45 | |
| 001 | 0184014152 | |
| 005 | 20041119085534.5 | |
| 010 | @dCNY1.90 | |
| 091 | @a7228.002 | |
| 100 | @a19950412d1984 em y0chiy0121 ea | |
| 101 | 0 | @achi |
| 102 | @aCN@b110000 | |
| 105 | @ay z 000yy | |
| 200 | 10 | @a出版业务知识@Achu ban ye wu zhi shi@f赵晓恩主编@FZhao Xiao En Zhu Bian |
| 210 | @a北京@c文化艺术出版社@d1984 | |
| 215 | @a379页@d21cm | |
| 606 | @a出版工作@x理论 | |
| 690 | @aG230@v3 | |
| 701 | 0 | @a赵晓恩@4主编 |
| 801 | 0 | @aCN@b上海图书馆@c20041119 |
| 801 | 2 | @aCN@bNLC@c20041119 |
| 905 | @f1@b122916@dG230@e9 | |
| 出版业务知识/赵晓恩主编.-北京:文化艺术出版社,1984 |
| 379页;21cm |
| ISBN :CNY1.90 |
| ● |
| 相关链接 |
|
|
|
|
正题名:出版业务知识
索取号:G230/9
 
预约/预借
| 序号 | 登录号 | 条形码 | 馆藏地/架位号 | 状态 | 备注 |
| 1 | 0122916 | 000497340 | 密集书库/ [索取号:G230/9] | 在馆 | |
| 2 | 0122917 | 000497331 | 第一样本阅览室/ [索取号:G230/9] | 在馆 |